|
|
|
|
| LEADER |
00000ny a22000003n 4500 |
| 005 |
20110606132125.0 |
| 008 |
001108s2000 sp s 000 0 spa c |
| 017 |
|
|
|a Z1159-2000
|
| 020 |
|
|
|a 8476985932
|
| 035 |
|
|
|a 1143
|
| 040 |
|
|
|a UMA.DER
|d vLex
|
| 040 |
|
|
|a UMA.RE
|d vLex
|
| 080 |
|
|
|a 347.952.2(460)
|
| 090 |
|
|
|c 490
|d 490
|
| 100 |
1 |
|
|a Moral Moro, Mara̕ Još
|
| 245 |
1 |
3 |
|a La subasta judicial de bienes inmuebles
|h [Recurso electrn̤ico]
|c M Jos ̌Moral Moro ; prl̤ogo Ernesto Pedraz Penalva
|
| 256 |
|
|
|a Servicio en ln̕ea
|
| 260 |
|
|
|a Barcelona :
|b Jos ̌Mara̕ Bosch,
|c 2000
|
| 300 |
|
|
|a 473 p. ;
|c 24 cm
|
| 504 |
|
|
|a Bibliografa̕: p. 441-473
|
| 504 |
|
|
|a Índices
|
| 505 |
8 |
|
|a Anexo jurisprudencial: p. 435-440
|
| 506 |
1 |
|
|a Contenido solo disponible en los productos indicados
|d vLex Global
|d vLex Global (Academic Edition, excluding Law Schools)
|d vLex Global (U.S. Academic Edition, Law Schools)
|d vLex Global (U.S. Academic Edition, excluding Law Schools)
|d vLex Global (Academic Edition, Law Schools)
|
| 650 |
0 |
7 |
|a Subasta
|2 Tesauro vLex
|
| 650 |
0 |
7 |
|a Procesal
|2 Tesauro vLex
|
| 650 |
0 |
7 |
|a Subastas judiciales
|2 Tesauro vLex
|
| 650 |
0 |
7 |
|a Bienes inmuebles
|2 Tesauro vLex
|
| 700 |
1 |
|
|a Pedraz Penalva, Ernesto,
|e pr
|
| 740 |
0 |
|
|a vLex Libros (Servicios en ln̕ea)
|
| 856 |
4 |
0 |
|u http://vlex.com/source/1143
|z Acceso restringido
|
| 942 |
|
|
|c BOOK
|
| 999 |
0 |
|
|a Procedure Law
|b Barcelona
|